[Event "Czech Open Rapid 2019"]
[Site "Pardubice"]
[Date "2019.07.18"]
[Round "7.12"]
[White "Polschikov, Alexey"]
[Black "Lalic, Bogdan"]
[Result "1-0"]
[WhiteElo "2375"]
[BlackElo "2411"]
[Annotator "NA"]
[PlyCount "91"]
[EventDate "2019.07.17"]
[EventType "swiss"]
[EventCountry "CZE"]
[SourceTitle "playchess.com"]
[Source "ChessBase"]
[SourceQuality "1"]

1. Nf3 c5 2. c4 Nc6 3. d4 cxd4 4. Nxd4 Qb6 5. Nc2 Nf6 6. Nc3 e6 7. e3 a6 8. Be2 Qc7 9. b3 b6 10. Bb2 Bb7 11. Bf3 Be7 12. O-O O-O 13. Rc1 Ne5 14. Bxb7 Qxb7 15. Qe2 d6 16. Nd4 Ned7 17. Rfd1 Rfc8 18. h3 Nc5 19. Rc2 Bf8 20. Ba1 Rab8 21. Rcc1 Re8 22. Bb2 e5 23. Nc2 b5 24. Ba3 Nce4 25. Nxe4 Nxe4 26. Nb4 bxc4 27. Rxc4 Nf6 28. e4 d5 29. exd5 a5 30. Nc2 Bxa3 31. Nxa3 Nxd5 32. Qe4 Nb4 33. Qxb7 Rxb7 34. Rc5 f6 35. Nc4 Nxa2 36. Ra1 Nb4 37. Nd6 Reb8 38. Nxb7 Rxb7 39. Raxa5 Rd7 40. Kh2 h5 41. Rab5 Na2 42. Rc2 Ra7 43. g4 h4 44. Kg2 e4 45. Rc4 Kh7 46. Ra4 1-0

[Event "Czech Open Rapid 2019"]
[Site "Pardubice"]
[Date "2019.07.18"]
[Round "7.12"]
[White "Fedotov, Konstantin"]
[Black "Potapov, Alexander"]
[Result "0-1"]
[WhiteElo "2020"]
[BlackElo "2409"]
[Annotator "NA"]
[PlyCount "90"]
[EventDate "2019.07.17"]
[EventType "swiss"]
[EventCountry "CZE"]
[SourceTitle "playchess.com"]
[Source "ChessBase"]
[SourceQuality "1"]

1. e4 e5 2. Bc4 Nc6 3. d3 Na5 4. Nd2 Nxc4 5. Nxc4 d6 6. h3 Be6 7. Ne3 g6 8. Ne2 Bg7 9. O-O Ne7 10. f4 exf4 11. Nxf4 O-O 12. c3 c5 13. Ng4 Qd7 14. Nxe6 Qxe6 15. Nh6+ Kh8 16. Qb3 Qxb3 17. axb3 f6 18. Be3 Nc6 19. b4 cxb4 20. d4 a6 21. Rae1 bxc3 22. bxc3 Rae8 23. Bc1 Na5 24. Ng4 Nc4 25. Rf3 f5 26. Nf2 fxe4 27. Rxe4 Rxe4 28. Nxe4 Rxf3 29. gxf3 a5 30. Nd2 Nxd2 31. Bxd2 d5 32. Kf1 Kg8 33. Ke2 a4 34. Bc1 Kf7 35. Kd3 b5 36. Kc2 Bf8 37. Bd2 Ke6 38. Bc1 Kf5 39. Bd2 Be7 40. Bc1 Bd6 41. Bh6 g5 42. Bg7 Kf4 43. Bh6 Be7 44. h4 Kxf3 45. hxg5 Kg4 0-1

[Event "Czech Open Rapid 2019"]
[Site "Pardubice"]
[Date "2019.07.18"]
[Round "7.13"]
[White "Frolov, Artur"]
[Black "Manik, Mikulas"]
[Result "0-1"]
[WhiteElo "2453"]
[BlackElo "2377"]
[Annotator "ChessBase"]
[PlyCount "84"]
[EventDate "2019.07.17"]
[EventType "swiss"]
[EventCountry "CZE"]
[SourceTitle "playchess.com"]
[Source "ChessBase"]
[SourceQuality "1"]

1. e4 c5 2. Nf3 d6 3. Bb5+ Nd7 4. c4 g6 5. Nc3 Bg7 6. O-O Ngf6 7. d3 O-O 8. Ba4 h6 9. Bd2 e5 10. Ne1 a6 11. Nc2 Kh7 12. Ne3 h5 13. a3 Bh6 14. b4 a5 15. Bxd7 Nxd7 16. Ned5 axb4 17. Bxh6 Kxh6 18. Qd2+ Kg7 19. axb4 Rxa1 20. Rxa1 cxb4 21. Nxb4 Nc5 22. Nbd5 Nb3 23. Qb2 Nxa1 24. Qxa1 Be6 25. f4 Bxd5 26. Nxd5 Qa8 27. Qb2 Qa7+ 28. Nb6 Ra8 29. fxe5 Qa1+ 30. Qxa1 Rxa1+ 31. Kf2 dxe5 32. h4 Ra2+ 33. Kf3 Rd2 34. Ke3 Rxg2 35. Nd7 f6 36. Nc5 Rb2 37. d4 exd4+ 38. Kxd4 g5 39. hxg5 fxg5 40. e5 h4 41. Ne4 h3 42. e6 h2 0-1

[Event "Czech Open Rapid 2019"]
[Site "Pardubice"]
[Date "2019.07.18"]
[Round "7.13"]
[White "Ludvik, Tomas"]
[Black "Polak, Benedikt"]
[Result "1/2-1/2"]
[WhiteElo "2334"]
[BlackElo "2170"]
[Annotator "NA"]
[PlyCount "90"]
[EventDate "2019.07.17"]
[EventType "swiss"]
[EventCountry "CZE"]
[SourceTitle "playchess.com"]
[Source "ChessBase"]
[SourceQuality "1"]

1. d4 Nf6 2. c4 c5 3. d5 b5 4. cxb5 a6 5. bxa6 g6 6. Nc3 Bg7 7. Nf3 O-O 8. e4 Qa5 9. Bd2 Bxa6 10. Be2 d6 11. O-O Bxe2 12. Qxe2 Qa6 13. Rfe1 Qxe2 14. Rxe2 Nbd7 15. h3 Rfb8 16. b3 Ne8 17. Rb1 Nc7 18. Be1 Nb5 19. Nxb5 Rxb5 20. Rc2 Rb7 21. Nd2 Ne5 22. Kf1 Nd3 23. a4 Nb4 24. Rc4 f5 25. f3 Nd3 26. exf5 gxf5 27. Ke2 Nb4 28. Nf1 Nxd5 29. Ne3 Nxe3 30. Kxe3 Rab8 31. b4 cxb4 32. Rcxb4 Rxb4 33. Rxb4 Rc8 34. Kd3 Rc1 35. Bd2 Ra1 36. a5 Kf7 37. Rb5 Ke6 38. g4 Ra3+ 39. Ke2 fxg4 40. hxg4 Ra2 41. Kd3 d5 42. f4 Ra3+ 43. Ke2 Ra2 44. Kd3 Ra3+ 45. Ke2 Ra2 1/2-1/2

[Event "Czech Open Rapid 2019"]
[Site "Pardubice"]
[Date "2019.07.18"]
[Round "7.14"]
[White "Novotny, Michal"]
[Black "Jirka, Jiri"]
[Result "0-1"]
[WhiteElo "2280"]
[BlackElo "2407"]
[Annotator "NA"]
[PlyCount "94"]
[EventDate "2019.07.17"]
[EventType "swiss"]
[EventCountry "CZE"]
[SourceTitle "playchess.com"]
[Source "ChessBase"]
[SourceQuality "1"]

1. d4 d5 2. Nf3 Nf6 3. e3 c6 4. Bd3 Bg4 5. Nbd2 e6 6. b3 Bb4 7. h3 Bh5 8. Bb2 Nbd7 9. a3 Be7 10. O-O O-O 11. c4 Bg6 12. Bxg6 hxg6 13. Qe2 Qb6 14. c5 Qc7 15. b4 a6 16. Nb3 Ne4 17. Rfc1 f5 18. Ne1 g5 19. Nd3 Bf6 20. f3 Ng3 21. Qf2 g6 22. Bc3 Nh5 23. f4 gxf4 24. exf4 g5 25. Bd2 gxf4 26. Nxf4 Nxf4 27. Bxf4 Qd8 28. Re1 Re8 29. Na5 Ra7 30. Ra2 Bg7 31. Rae2 Qf6 32. Be5 Nxe5 33. dxe5 Qg6 34. Nb3 Bh6 35. Nd4 Re7 36. Kh1 Rg7 37. Rg1 Bg5 38. g4 fxg4 39. Rxg4 Ra8 40. Qg3 Rf8 41. Rg2 Rf1+ 42. Kh2 Qb1 43. Rg1 Rxg1 44. Qxg1 Qxg1+ 45. Rxg1 Bf4+ 46. Kh1 Rxg1+ 47. Kxg1 Bg5 0-1

[Event "Czech Open Rapid 2019"]
[Site "Pardubice"]
[Date "2019.07.18"]
[Round "7.14"]
[White "Roessler, Ulrike"]
[Black "Tesar, Jan"]
[Result "1-0"]
[WhiteElo "2139"]
[BlackElo "2034"]
[Annotator "NA"]
[PlyCount "49"]
[EventDate "2019.07.17"]
[EventType "swiss"]
[EventCountry "CZE"]
[SourceTitle "playchess.com"]
[Source "ChessBase"]
[SourceQuality "1"]

1. e4 c5 2. Nf3 a6 3. Nc3 b5 4. a3 Bb7 5. d4 e6 6. Bg5 Be7 7. Bxe7 Qxe7 8. dxc5 Qxc5 9. Bd3 Nf6 10. O-O O-O 11. e5 Bxf3 12. Qxf3 Nd5 13. Ne4 Qe7 14. Qh5 h6 15. f4 Nc6 16. Rf3 Kh8 17. c3 Rab8 18. Raf1 a5 19. Rg3 b4 20. axb4 axb4 21. c4 Nb6 22. Kh1 Nc8 23. Nf6 d6 24. Rh3 dxe5 25. fxe5 1-0

[Event "Czech Open Rapid 2019"]
[Site "Pardubice"]
[Date "2019.07.18"]
[Round "7.15"]
[White "Meleshko, Volodymyr"]
[Black "Pulpan, Jakub"]
[Result "0-1"]
[WhiteElo "2270"]
[BlackElo "2414"]
[Annotator "NA"]
[PlyCount "80"]
[EventDate "2019.07.17"]
[EventType "swiss"]
[EventCountry "CZE"]
[SourceTitle "playchess.com"]
[Source "ChessBase"]
[SourceQuality "1"]

1. e4 e5 2. Nf3 Nc6 3. d4 exd4 4. c3 d5 5. exd5 Qxd5 6. cxd4 Bg4 7. Be2 Bb4+ 8. Nc3 Bxf3 9. Bxf3 Qc4 10. Qb3 Qxb3 11. axb3 Nge7 12. O-O a6 13. Bg5 f6 14. Bh5+ Kf8 15. Be3 Rd8 16. Rfd1 Nf5 17. Ra4 a5 18. Nb5 Rd5 19. Be2 Rd7 20. Bc4 Nxe3 21. fxe3 Nd8 22. Raa1 g6 23. Nc3 c6 24. Ne4 Re7 25. Nxf6 Rxe3 26. Rf1 Kg7 27. Ng4 Re4 28. Ne5 Rxd4 29. Nf7 Rf8 30. Nxd8 Rdxd8 31. g3 Bc5+ 32. Kg2 Rd2+ 33. Kh3 b5 34. Be6 Rf6 35. Rxf6 Kxf6 36. Bg8 Rxb2 37. Rxa5 Bg1 38. Kg4 Rf2 39. h3 h5+ 40. Kh4 Rf4+ 0-1

[Event "Czech Open Rapid 2019"]
[Site "Pardubice"]
[Date "2019.07.18"]
[Round "7.15"]
[White "Gagare, Shalmali"]
[Black "Mojzis, Jaroslav"]
[Result "1-0"]
[WhiteElo "2058"]
[BlackElo "2095"]
[Annotator "NA"]
[PlyCount "87"]
[EventDate "2019.07.17"]
[EventType "swiss"]
[EventCountry "CZE"]
[SourceTitle "playchess.com"]
[Source "ChessBase"]
[SourceQuality "1"]

1. e4 e5 2. Bc4 c6 3. Nf3 d5 4. Bb3 Bg4 5. Qe2 Nf6 6. d3 dxe4 7. dxe4 Nbd7 8. O-O Bc5 9. Nbd2 O-O 10. h3 Bh5 11. c3 Qe7 12. Nc4 Rfe8 13. Bc2 Rad8 14. b4 Bb6 15. a4 Bc7 16. Ba3 b5 17. Na5 Nb8 18. Nb7 Rc8 19. Nc5 a6 20. Bc1 Bb6 21. Be3 Bxc5 22. Bxc5 Qc7 23. Rfd1 Nbd7 24. Be3 Nb6 25. Bc5 Nbd7 26. Be3 Nb6 27. g4 Bg6 28. Nd2 h5 29. g5 Nfd7 30. Bb3 Nf8 31. c4 Nxa4 32. Bxa4 bxa4 33. Rxa4 Qd7 34. Kh2 Rcd8 35. Bb6 Rb8 36. Rxa6 Qb7 37. c5 Ra8 38. Rda1 Ne6 39. Ra7 Qb8 40. Rxa8 Qxa8 41. Rxa8 Rxa8 42. Ba5 Nd4 43. Qe3 Ne6 44. Nc4 1-0

[Event "Czech Open Rapid 2019"]
[Site "Pardubice"]
[Date "2019.07.18"]
[Round "7.16"]
[White "Mirzoev, Emil"]
[Black "Domogaev, Sergey"]
[Result "1-0"]
[WhiteElo "2493"]
[BlackElo "2332"]
[Annotator "ChessBase"]
[PlyCount "123"]
[EventDate "2019.07.17"]
[EventType "swiss"]
[EventCountry "CZE"]
[SourceTitle "playchess.com"]
[Source "ChessBase"]
[SourceQuality "1"]

1. c4 Nf6 2. Nc3 e6 3. d4 d5 4. cxd5 exd5 5. Bg5 c6 6. e3 Be7 7. Bd3 Nbd7 8. Qc2 Nf8 9. Nge2 Ne6 10. Bh4 g6 11. O-O O-O 12. Rad1 Ng7 13. f3 Nfe8 14. Bxe7 Qxe7 15. e4 dxe4 16. fxe4 f5 17. d5 fxe4 18. Rxf8+ Qxf8 19. Bxe4 Nf6 20. dxc6 bxc6 21. Bf3 Bf5 22. Qd2 Kh8 23. Qd6 Bd7 24. Bxc6 Bxc6 25. Qxc6 Nf5 26. Rf1 Rc8 27. Qf3 Qc5+ 28. Kh1 Qb4 29. a3 Qh4 30. Qf4 Qxf4 31. Rxf4 Kg7 32. Ra4 Rc7 33. Kg1 h5 34. Ra6 Rd7 35. h3 h4 36. Kf2 Nh5 37. b4 Rf7 38. Kf3 Nd4+ 39. Ke3 Nf5+ 40. Kd2 Rd7+ 41. Ke1 Ne3 42. Kf2 Nc4 43. Nb5 Kh6 44. Rxa7 Rd2 45. Nbc3 Ng3 46. b5 Rb2 47. a4 Rc2 48. a5 Ne5 49. b6 Rb2 50. Rc7 Nf5 51. b7 Nd3+ 52. Kf3 Ne1+ 53. Kf4 Rb4+ 54. Ke5 Nd3+ 55. Ke6 Ng7+ 56. Ke7 Nf5+ 57. Kd8 Nd6 58. a6 Ne5 59. Nd5 Rb5 60. Nec3 Rb2 61. a7 Ndf7+ 62. Ke7 1-0

[Event "Czech Open Rapid 2019"]
[Site "Pardubice"]
[Date "2019.07.18"]
[Round "7.16"]
[White "Jun, Rudolf Jr."]
[Black "Karsay, Pascal"]
[Result "0-1"]
[WhiteElo "2200"]
[BlackElo "2304"]
[Annotator "NA"]
[PlyCount "89"]
[EventDate "2019.07.17"]
[EventType "swiss"]
[EventCountry "CZE"]
[SourceTitle "playchess.com"]
[Source "ChessBase"]
[SourceQuality "1"]

1. e4 e5 2. Nf3 Nc6 3. Nc3 Nf6 4. d4 Bb4 5. dxe5 Nxe4 6. Qd3 d5 7. exd6 O-O 8. Be2 Bf5 9. Qc4 Nxd6 10. Qf4 Re8 11. Be3 Re4 12. Qg5 f6 13. Qg3 Rg4 14. Qh3 Re4 15. Qg3 Rg4 16. Qh3 Qd7 17. O-O Bxc3 18. bxc3 Ra4 19. Qg3 Ne4 20. Qf4 g5 21. Nxg5 fxg5 22. Qf3 Ne5 23. Qh5 Bg6 24. Qh6 Nf7 25. Qh3 Qxh3 26. gxh3 Nxc3 27. Bf3 Ne5 28. Bxb7 Rb8 29. Bg2 Ne2+ 30. Kh1 Nf4 31. Bxf4 Rxf4 32. Rfe1 Nf3 33. Re7 Rb2 34. Rxc7 Rxc2 35. Rxc2 Bxc2 36. Rc1 Nd4 37. Re1 Rxf2 38. Re5 Rf5 39. Re7 Rb5 40. Kg1 Rb1+ 41. Kf2 Rb2 42. Ke1 Bg6 43. Bd5+ Kf8 44. Rxa7 Nc2+ 45. Kd2 0-1

[Event "Czech Open Rapid 2019"]
[Site "Pardubice"]
[Date "2019.07.18"]
[Round "7.17"]
[White "Gagare, Shardul"]
[Black "Turner, Jan"]
[Result "1/2-1/2"]
[WhiteElo "2476"]
[BlackElo "2330"]
[Annotator "ChessBase"]
[PlyCount "88"]
[EventDate "2019.07.17"]
[EventType "swiss"]
[EventCountry "CZE"]
[SourceTitle "playchess.com"]
[Source "ChessBase"]
[SourceQuality "1"]

1. Nf3 g6 2. c4 Bg7 3. Nc3 d6 4. g3 Nf6 5. Bg2 O-O 6. O-O c6 7. e4 e5 8. d4 Bg4 9. Be3 Nbd7 10. h3 Bxf3 11. Bxf3 Qa5 12. d5 cxd5 13. cxd5 a6 14. a3 Rfc8 15. b4 Qd8 16. Qb3 h5 17. h4 Kh7 18. Rac1 Bh6 19. Bxh6 Kxh6 20. Na4 Kg7 21. Nb2 Rxc1 22. Rxc1 Rc8 23. Rxc8 Qxc8 24. Nc4 Qc7 25. a4 Nb6 26. Ne3 Nbd7 27. a5 Qc1+ 28. Kg2 Qc7 29. Qc4 Qb8 30. Nd1 Qa7 31. Qc7 Qb8 32. Qxb8 Nxb8 33. Ne3 Kf8 34. g4 hxg4 35. Bxg4 Nxg4 36. Nxg4 Nd7 37. Ne3 Nf6 38. Kf3 Ke7 39. Ng2 Nd7 40. Ke2 Nf6 41. Ke3 Ng4+ 42. Kf3 Nf6 43. Ne3 Nh5 44. Ng2 Nf6 1/2-1/2

[Event "Czech Open Rapid 2019"]
[Site "Pardubice"]
[Date "2019.07.18"]
[Round "7.17"]
[White "Bystrov, Sergej M."]
[Black "Medvedyk, Volodymyr"]
[Result "1/2-1/2"]
[WhiteElo "2197"]
[BlackElo "2197"]
[Annotator "NA"]
[PlyCount "50"]
[EventDate "2019.07.17"]
[EventType "swiss"]
[EventCountry "CZE"]
[SourceTitle "playchess.com"]
[Source "ChessBase"]
[SourceQuality "1"]

1. Nf3 Nf6 2. e3 g6 3. b3 Bg7 4. Bb2 d6 5. d4 O-O 6. Nbd2 Nbd7 7. Be2 e5 8. dxe5 Ng4 9. Nc4 Ngxe5 10. Nfxe5 Nxe5 11. Nxe5 dxe5 12. Qxd8 Rxd8 13. e4 Be6 14. O-O f5 15. f3 c5 16. Rad1 Kf7 17. g3 Ke7 18. Ba3 b6 19. Kg2 a5 20. Bb5 fxe4 21. fxe4 Bg4 22. Rxd8 Rxd8 23. Bc1 Bf6 24. h4 Rd1 25. Rxd1 Bxd1 1/2-1/2

[Event "Czech Open Rapid 2019"]
[Site "Pardubice"]
[Date "2019.07.18"]
[Round "7.18"]
[White "Novik, Maxim"]
[Black "Bykova, Anastasia"]
[Result "1-0"]
[WhiteElo "2450"]
[BlackElo "2229"]
[Annotator "TA"]
[PlyCount "93"]
[EventDate "2019.07.17"]
[EventType "swiss"]
[EventCountry "CZE"]
[SourceTitle "playchess.com"]
[Source "ChessBase"]
[SourceQuality "1"]

1. d4 d5 2. Bf4 Nf6 3. e3 c5 4. c3 Qb6 5. Qb3 Nc6 6. Nd2 e6 7. h3 Be7 8. Ngf3 O-O 9. Qc2 Qd8 10. Bd3 Bd7 11. O-O a6 12. dxc5 Bxc5 13. Rad1 h6 14. e4 dxe4 15. Nxe4 Nxe4 16. Bxe4 Qc8 17. Qd2 f5 18. Bc2 Be8 19. Rfe1 Rf6 20. b4 Bf8 21. Bb3 Bf7 22. Qe3 g5 23. Be5 Rg6 24. g4 Qe8 25. Bd6 Bxd6 26. Rxd6 f4 27. Qd3 Rd8 28. Rxd8 Qxd8 29. Qxd8+ Nxd8 30. Ne5 Rg7 31. Rd1 Nc6 32. Nxc6 bxc6 33. Rd6 e5 34. Rxc6 Bxb3 35. axb3 Rd7 36. Rxa6 Rd1+ 37. Kg2 e4 38. Re6 f3+ 39. Kh2 Re1 40. b5 Kf7 41. Re5 Kf6 42. Re8 Kf7 43. b6 Rf1 44. Rxe4 Rxf2+ 45. Kg3 Rb2 46. Rb4 f2 47. Kg2 1-0

[Event "Czech Open Rapid 2019"]
[Site "Pardubice"]
[Date "2019.07.18"]
[Round "7.18"]
[White "Taranik, Olexiy"]
[Black "Jires, Jiri"]
[Result "0-1"]
[WhiteElo "2124"]
[BlackElo "2096"]
[Annotator "TA"]
[PlyCount "140"]
[EventDate "2019.07.17"]
[EventType "swiss"]
[EventCountry "CZE"]
[SourceTitle "playchess.com"]
[Source "ChessBase"]
[SourceQuality "1"]

1. e4 e5 2. Nf3 Nc6 3. Nc3 Nf6 4. Bb5 Bb4 5. O-O O-O 6. d3 Bxc3 7. bxc3 d6 8. Bg5 Qe7 9. Re1 a6 10. Bc4 h6 11. Bc1 b5 12. Bb3 Na5 13. a4 Nxb3 14. cxb3 Bb7 15. Nh4 d5 16. Nf5 Qe6 17. f3 Rfd8 18. Qc2 Ne8 19. Ba3 Kh7 20. Bc5 g6 21. Ne3 dxe4 22. fxe4 Bc6 23. Rf1 bxa4 24. bxa4 Rab8 25. Rf2 Kg7 26. Raf1 Rd7 27. c4 Nd6 28. Nd5 Bxd5 29. cxd5 Qg4 30. h3 Qh4 31. Bxd6 cxd6 32. Qc6 Qd8 33. Qxa6 Ra8 34. Qc4 Qa5 35. Ra2 Rc7 36. Qb3 Rc3 37. Qd1 Qc5+ 38. Kh1 Ra5 39. Qf3 Qc7 40. Qf6+ Kg8 41. Rf3 Rc1+ 42. Kh2 Qa7 43. Raf2 Rc7 44. Qxd6 Rxa4 45. Qxe5 Re7 46. Qf4 g5 47. Qc1 Qb8+ 48. g3 Rea7 49. h4 Ra1 50. Qe3 Qb1 51. Kh3 Qh1+ 52. Kg4 gxh4 53. Qxh6 R1a6 54. Qxh4 Rg6+ 55. Kf4 Qc1+ 56. Re3 Qc7+ 57. Kf3 Raa6 58. e5 Rh6 59. Qc4 Qe7 60. Qc8+ Kg7 61. d6 Qa7 62. Qg4+ Rg6 63. Qf4 Ra4 64. Re4 Ra3 65. Rd4 Qb7+ 66. Ke3 Qd7 67. Rc2 Qh3 68. d7 Rxg3+ 69. Ke4 Qh1+ 70. Kf5 Qh7# 0-1

[Event "Czech Open Rapid 2019"]
[Site "Pardubice"]
[Date "2019.07.18"]
[Round "7.19"]
[White "Mosesov, Danylo"]
[Black "Matviishen, Viktor"]
[Result "0-1"]
[WhiteElo "2353"]
[BlackElo "2495"]
[Annotator "ChessBase"]
[PlyCount "94"]
[EventDate "2019.07.17"]
[EventType "swiss"]
[EventCountry "CZE"]
[SourceTitle "playchess.com"]
[Source "ChessBase"]
[SourceQuality "1"]

1. e4 e5 2. Nf3 Nc6 3. Nc3 Nf6 4. Bb5 Bc5 5. O-O O-O 6. d3 d6 7. Bg5 h6 8. Bxf6 Qxf6 9. Nd5 Qd8 10. c3 a6 11. Ba4 Bg4 12. Ne3 Bh5 13. h3 Ba7 14. Re1 Ne7 15. g4 Bg6 16. Bc2 Bh7 17. d4 Ng6 18. Ng2 Qf6 19. Kh2 Rad8 20. Ne3 Nf4 21. Nf5 c5 22. Qd2 cxd4 23. cxd4 Ne6 24. Rad1 Bxf5 25. gxf5 Nxd4 26. Nxd4 Bxd4 27. Bb3 Kh7 28. Rc1 Rd7 29. Ba4 b5 30. Bd1 d5 31. exd5 Rxd5 32. Bb3 Rd7 33. Qe2 Rfd8 34. Red1 Qh4 35. Kg2 Kh8 36. Qf3 a5 37. a4 bxa4 38. Bxa4 Rd6 39. Rc7 Qg5+ 40. Qg4 Rf6 41. Bc2 Rb8 42. Qxg5 hxg5 43. b3 g6 44. Rd3 gxf5 45. Rg3 Rg8 46. Kf1 e4 47. Ke2 Be5 0-1

[Event "Czech Open Rapid 2019"]
[Site "Pardubice"]
[Date "2019.07.18"]
[Round "7.19"]
[White "Tarakanov, Oleg"]
[Black "Bares, Jachym"]
[Result "1-0"]
[WhiteElo "2118"]
[BlackElo "2015"]
[Annotator "NA"]
[PlyCount "135"]
[EventDate "2019.07.17"]
[EventType "swiss"]
[EventCountry "CZE"]
[SourceTitle "playchess.com"]
[Source "ChessBase"]
[SourceQuality "1"]

1. e4 e5 2. Nf3 Nc6 3. d4 exd4 4. c3 d5 5. exd5 Qxd5 6. cxd4 Bg4 7. Be2 O-O-O 8. Be3 Nf6 9. O-O Bd6 10. h3 Bh5 11. Nc3 Qf5 12. Qa4 Qa5 13. Qxa5 Nxa5 14. d5 Bxf3 15. Bxf3 Nc4 16. Bg5 Be5 17. Rfe1 Rhe8 18. Rab1 Bd6 19. b3 Nb6 20. Bxf6 gxf6 21. Rxe8 Rxe8 22. Ne4 Be5 23. Rd1 Rd8 24. Ng3 a5 25. Nf5 a4 26. g3 a3 27. Rc1 Kb8 28. Rc5 Nd7 29. Ra5 Bb2 30. Ne3 Ne5 31. Be2 Rd6 32. f4 Nd7 33. Kf2 b6 34. Ra4 Nc5 35. Rc4 Nxb3 36. Rb4 Nc1 37. Bc4 Rd8 38. Nf5 Re8 39. d6 cxd6 40. Rxb6+ Kc7 41. Rxd6 Re4 42. Bxf7 Re2+ 43. Kf3 Bc3 44. Ra6 Bb4 45. Nd4 Re7 46. Ra7+ Kb6 47. Rxe7 Bxe7 48. Bg8 Kc5 49. Nf5 Bf8 50. g4 Kb4 51. Ke3 Kc3 52. h4 Kb2 53. g5 Nxa2 54. h5 Nc1 55. Nd4 Bc5 56. g6 Nb3 57. Bxb3 Bxd4+ 58. Kxd4 Kxb3 59. g7 a2 60. g8=Q+ Kb2 61. Qb8+ Kc2 62. Qc7+ Kb2 63. Qb6+ Kc2 64. Qc5+ Kb2 65. Qb4+ Kc2 66. Qa3 Kb1 67. Qb3+ Ka1 68. Kc3 1-0

[Event "Czech Open Rapid 2019"]
[Site "Pardubice"]
[Date "2019.07.18"]
[Round "7.20"]
[White "Odler, Daniel"]
[Black "Nemec, Jachym"]
[Result "1-0"]
[WhiteElo "2047"]
[BlackElo "1927"]
[Annotator "NA"]
[PlyCount "47"]
[EventDate "2019.07.17"]
[EventType "swiss"]
[EventCountry "CZE"]
[SourceTitle "playchess.com"]
[Source "ChessBase"]
[SourceQuality "1"]

1. e4 c5 2. Nf3 Nc6 3. d4 cxd4 4. Nxd4 g6 5. Be3 Bg7 6. Nc3 Nf6 7. Nxc6 dxc6 8. Qxd8+ Kxd8 9. f3 Be6 10. O-O-O+ Ke8 11. Ne2 Bc4 12. b3 Bxe2 13. Bxe2 Nd7 14. Rd2 e5 15. Rhd1 Nf8 16. Kb1 b6 17. Rd6 Rc8 18. Ba6 Rc7 19. Rxc6 Rxc6 20. Bb5 Ne6 21. Bxc6+ Kf8 22. Rd7 h5 23. Rxa7 Bf6 24. Ra8+ 1-0

[Event "Czech Open Rapid 2019"]
[Site "Pardubice"]
[Date "2019.07.18"]
[Round "7.21"]
[White "Brejnik, Gustav"]
[Black "Sahidi, Samir"]
[Result "0-1"]
[WhiteElo "2179"]
[BlackElo "2369"]
[Annotator "NA"]
[PlyCount "114"]
[EventDate "2019.07.17"]
[EventType "swiss"]
[EventCountry "CZE"]
[SourceTitle "playchess.com"]
[Source "ChessBase"]
[SourceQuality "1"]

1. d4 Nf6 2. c4 e6 3. g3 Bb4+ 4. Bd2 Qe7 5. Nf3 O-O 6. Bg2 d5 7. O-O dxc4 8. Qc2 a6 9. Bg5 h6 10. Bxf6 Qxf6 11. Qxc4 Ba5 12. e4 Rd8 13. Rd1 Nd7 14. Nc3 b5 15. Qe2 Bb7 16. e5 Qe7 17. Ne4 Bb6 18. Rac1 Rac8 19. h4 Nf8 20. h5 Bd5 21. b3 c5 22. dxc5 Bxc5 23. Nxc5 Rxc5 24. Rxc5 Qxc5 25. g4 Bxf3 26. Bxf3 Rxd1+ 27. Qxd1 Qxe5 28. Qd8 Qa1+ 29. Kg2 Qxa2 30. b4 Qa3 31. Qd4 a5 32. bxa5 Qxa5 33. Qc5 Qa4 34. g5 hxg5 35. Qxg5 b4 36. Qg4 Qb5 37. h6 Qe5 38. Qxb4 Qg5+ 39. Kf1 Qxh6 40. Qb8 Qf6 41. Ke2 g5 42. Be4 Kg7 43. Qh2 Qd4 44. Bd3 f5 45. Qh5 Qf6 46. Kf1 Ng6 47. Qf3 Qa1+ 48. Ke2 Nf4+ 49. Kd2 Qd4 50. Qe3 Qxd3+ 51. Qxd3 Nxd3 52. Kxd3 Kf6 53. Ke3 g4 54. Kf4 e5+ 55. Kg3 Kg5 56. Kg2 Kf4 57. Kf1 Kf3 0-1

[Event "Czech Open Rapid 2019"]
[Site "Pardubice"]
[Date "2019.07.18"]
[Round "7.21"]
[White "Lymar, Vladislav"]
[Black "Kopriva, Martin"]
[Result "0-1"]
[WhiteElo "2024"]
[BlackElo "2031"]
[Annotator "NA"]
[PlyCount "74"]
[EventDate "2019.07.17"]
[EventType "swiss"]
[EventCountry "CZE"]
[SourceTitle "playchess.com"]
[Source "ChessBase"]
[SourceQuality "1"]

1. e4 e5 2. Nf3 Nc6 3. d4 exd4 4. Nxd4 Bc5 5. Nb3 Bb6 6. Nc3 d6 7. a4 a6 8. Nd5 Ba7 9. Be3 Bxe3 10. Nxe3 Nf6 11. f3 Be6 12. Qd2 O-O 13. Qc3 Qe7 14. O-O-O Ne5 15. h3 b5 16. a5 c5 17. Nd5 Bxd5 18. exd5 Qb7 19. Nxc5 dxc5 20. Qxe5 Rfe8 21. Qg5 Rad8 22. d6 Qc6 23. Qg3 Re6 24. d7 Rxd7 25. Rxd7 Qxd7 26. Bd3 Qd8 27. Bf5 Re8 28. Rd1 Qxa5 29. Kb1 c4 30. c3 b4 31. cxb4 Qxf5+ 32. Ka1 c3 33. Qf2 Qb5 34. Qc2 cxb2+ 35. Kxb2 Qxb4+ 36. Kc1 Qa3+ 37. Kd2 Qe3# 0-1

[Event "Czech Open Rapid 2019"]
[Site "Pardubice"]
[Date "2019.07.18"]
[Round "7.22"]
[White "Stocek, Jiri"]
[Black "Myshakov, Fyodor"]
[Result "1-0"]
[WhiteElo "2556"]
[BlackElo "2295"]
[Annotator "ChessBase"]
[PlyCount "62"]
[EventDate "2019.07.17"]
[EventType "swiss"]
[EventCountry "CZE"]
[SourceTitle "playchess.com"]
[Source "ChessBase"]
[SourceQuality "1"]

1. e4 c6 2. d4 d5 3. Nd2 dxe4 4. Nxe4 Bf5 5. Bd3 e6 6. Nf3 Be7 7. O-O Nd7 8. c4 Bg6 9. Bf4 Ndf6 10. Neg5 Bd6 11. Ne5 Bxe5 12. Bxe5 Ne7 13. Re1 O-O 14. Bf1 Nf5 15. h3 Rc8 16. Nf3 b6 17. a4 Nd7 18. Bf4 c5 19. d5 exd5 20. Qxd5 Nf6 21. Qb7 a5 22. Rad1 Nd4 23. Be5 Be4 24. Bxf6 Bxb7 25. Bxd8 Bxf3 26. Rxd4 cxd4 27. Bxb6 Bc6 28. Ra1 d3 29. Bxa5 Be4 30. f3 Bg6 31. c5 Rfe8 1-0

[Event "Czech Open Rapid 2019"]
[Site "Pardubice"]
[Date "2019.07.18"]
[Round "7.22"]
[White "Zdrazil, Tomas"]
[Black "Ilkiv, Andrii"]
[Result "1-0"]
[WhiteElo "2130"]
[BlackElo "1703"]
[Annotator "NA"]
[PlyCount "69"]
[EventDate "2019.07.17"]
[EventType "swiss"]
[EventCountry "CZE"]
[SourceTitle "playchess.com"]
[Source "ChessBase"]
[SourceQuality "1"]

1. e4 c5 2. Nf3 e6 3. d4 cxd4 4. Nxd4 a6 5. Bd3 Qc7 6. O-O Nc6 7. Nxc6 bxc6 8. Qe2 d6 9. c4 Be7 10. Nc3 Nf6 11. f4 O-O 12. b3 Bb7 13. Bb2 d5 14. e5 Nd7 15. Rae1 d4 16. Ne4 c5 17. Rf3 Rfb8 18. Rh3 Nf8 19. Qg4 Qd8 20. Rg3 Ng6 21. Bc1 Bh4 22. Re2 Bxg3 23. hxg3 Qe7 24. Nd6 Bc6 25. Qh5 a5 26. Ba3 Qa7 27. f5 exf5 28. e6 fxe6 29. Rxe6 Bd7 30. Bxf5 Bxe6 31. Bxe6+ Kf8 32. Bxc5 Qa6 33. Qf5+ Ke7 34. Qf7+ Kd8 35. Qd7# 1-0